000 00328nam a22001457a 4500
003 SGT
020 _a978-93-5453-996
082 _a331.7
_bSRI
100 _aSRIVASTAVA, S.C.
245 _aINDUSTRIAL RELATIONS LABOUR LAWS
260 _aINDIA
_bVIKASH PUB.
_c2024
300 _a800
650 _aLABOUR LAWS
942 _2ddc
_cBK
999 _c29498
_d29498